| 000 | 00931nam a2200205 a 4500 | ||
|---|---|---|---|
| 005 | 20240924064332.0 | ||
| 008 | 991125s1988 mx 000 0 spa u | ||
| 035 | _aUPN01000018593 | ||
| 049 | _aCG | ||
| 050 | 4 |
_aLB2806 _bC6.4 |
|
| 110 | 2 | _aConsejo Nacional de Población (México) | |
| 245 | 1 | 3 |
_aEl efecto del descenso de la fecundidad en los requerimientos educativos a nivel nacional, México, 1970-2000 : _binforme técnico / _cConsejo Nacional de Población. |
| 260 |
_aMéxico : _bCONAPO, Dirección General de Estudio de Población : _bSEP, _c1988. |
||
| 300 | _a150 h. | ||
| 440 | 0 | _aSerie de estudios prospectivos | |
| 500 | _a"Proyecto realizado en colaboración con la Dirección General de Programación de la Secretaría de Educación Pública y el Research Triangle Institute (RTI)" | ||
| 650 | 4 |
_aDemografía _zDistrito Federal (México) _913254 |
|
| 650 | 4 |
_aEducación _xPlanificación _91146 |
|
| 905 | _aLibro | ||
| 999 |
_c18593 _d18593 |
||